[Event "Copenhagen Chess Challenge 2019"]
[Site "Ballerup"]
[Date "2019.05.18"]
[Round "6.13"]
[White "Hald Falkesgaard, Jeppe"]
[Black "Andersen, Daniel"]
[Result "1-0"]
[WhiteElo "1878"]
[BlackElo "1862"]
[Annotator "NA RC"]
[PlyCount "61"]
[EventDate "2019.05.16"]
[EventCountry "DEN"]
[SourceTitle "playchess.com"]
[Source "ChessBase"]
[SourceQuality "1"]

1. c4 Nf6 2. Nc3 d5 3. cxd5 Nxd5 4. g3 c5 5. Bg2 Nxc3 6. bxc3 Nc6 7. Nf3 g6 {A34: Symmetrical English: 2 Nc3, lines with ...d5} (7... e5 8. O-O Be7 9. d3 O-O 10. Rb1 Qc7 11. Qc2 Bf5 12. Nd2 Rab8 13. Nc4 b5 14. Ne3 Be6 15. Nd5 Qd7 16. e4 Bd6 17. Be3 f5 18. exf5 Bxf5 19. Be4 Kh8 20. Rfe1 Ne7 21. Nxe7 Bxe7 {½-½ (21) Akopian,V (2650)-Tari,A (2620) St Petersburg 2018}) 8. O-O Bg7 9. Rb1 Qc7 10. Qc2 O-O 11. d4 cxd4 12. cxd4 Qa5 13. Bd2 Qd8 $146 ({Predecessor:} 13... Qh5 14. Bc3 Rb8 15. Rfd1 Rd8 16. e4 Bg4 17. Rd3 e6 18. a4 {½-½ (32) Marchal,L (1420)-Jankowski,B (1699) Champagne Ardennes 2003}) 14. Bc3 Rb8 15. Rfd1 e6 16. e4 Qc7 17. Bb4 Rd8 18. d5 exd5 19. exd5 Bf5 20. Qc4 Bxb1 21. Rxb1 Qb6 22. dxc6 bxc6 (22... Qxc6 $142 23. Qb3 Qd5) 23. Rb3 Rd1+ 24. Bf1 Qc7 {[#]} 25. Ba5 $1 Qd6 26. Rxb8+ Qxb8 27. Qxc6 h5 28. Kg2 g5 $2 (28... Rd6 29. Qc2 Qb7) 29. Nxg5 Qe5 30. h4 Qxa5 (30... Qd5+ $18 31. Qxd5 Rxd5) 31. Qe8+ 1-0

[Event "Copenhagen Chess Challenge 2019"]
[Site "Ballerup"]
[Date "2019.05.18"]
[Round "6.13"]
[White "Lye, Sverre"]
[Black "Strange, Mikkel"]
[Result "0-1"]
[WhiteElo "1749"]
[BlackElo "2368"]
[Annotator "TA"]
[PlyCount "42"]
[EventDate "2019.05.16"]
[EventCountry "DEN"]
[SourceTitle "playchess.com"]
[Source "ChessBase"]
[SourceQuality "1"]

{[%evp 16,57,0,-18,0,-35,0,0,0,0,0,-61,-58,-45,-56,-44,-47,-119,-70,-70,-80,-71,-37,-172,-190,-764,-763,-674,-473,-914,-897,-895,-850,-29992,-29993,-29993,-29994,-29996,-29997,-29997,-29998,-29998,-29999,-29999]} 1. e4 e5 2. Nf3 Nc6 3. Bb5 f5 4. exf5 e4 5. Qe2 Qe7 6. Bxc6 bxc6 7. Nd4 Qe5 8. Nf3 Qe7 9. Nd4 Nf6 {C63: Ruy Lopez: Schliemann/Jaenisch Defence} 10. Nc3 Qe5 (10... c5 $5 {[%cal Rc5d4]} 11. Nb3 a5 $15) (10... c5 11. Ndb5 d5 12. d3 c6 13. Bg5 a6 14. Na3 exd3 15. cxd3 Bxf5 16. O-O-O Qxe2 17. Nxe2 {1-0 (42) Csonka,A (2330)-Stojcevski,Z (2375) Ohrid 2009}) 11. Nf3 Qxf5 {The position is equal.} 12. d3 Bb4 13. Bd2 ({White should play} 13. Nd2 $11) 13... Bxc3 $146 ({Predecessor:} 13... O-O 14. Nxe4 Bxd2+ 15. Nfxd2 d5 16. Nxf6+ Qxf6 17. c3 Ba6 18. O-O Rae8 19. Qf3 Qg5 20. Qd1 {½-½ (18) Guensch,H (1733)-Oehrlein,S (1704) Obernau 2009}) 14. Bxc3 O-O 15. dxe4 $1 Nxe4 16. Bd4 ({White should try} 16. O-O $15) 16... Qa5+ 17. c3 d5 18. b4 Qa3 {White must now prevent ...Ba6.} 19. Qe3 (19. Qc2 $1 $15) 19... Ba6 $36 {[%mdl 2048] Strongly threatening ...Rae8. Black is on the roll.} 20. Ne5 $2 (20. Qc1 Qxc1+ 21. Rxc1) 20... Qb2 21. Rd1 Rxf2 {Played: Ne4xf2} 0-1

[Event "Copenhagen Chess Challenge 2019"]
[Site "Ballerup"]
[Date "2019.05.18"]
[Round "6.14"]
[White "Laustsen, Lars"]
[Black "Hoi, Carsten"]
[Result "1/2-1/2"]
[WhiteElo "2140"]
[BlackElo "2341"]
[Annotator "NA RC"]
[PlyCount "66"]
[EventDate "2019.05.16"]
[EventCountry "DEN"]
[SourceTitle "playchess.com"]
[Source "ChessBase"]
[SourceQuality "1"]

{[%evp 28,66,61,53,32767,32767,78,11,81,84,83,32767,69,83,88,63,63,32767,32767,32,32767,20,35,32767,32767,28,32767,39,35,31,41,19,50,37,39,46,45,43,32767,32767,68]} 1. d4 d5 2. c4 dxc4 3. e4 Nc6 4. Nf3 Bg4 5. d5 Ne5 6. Bf4 Ng6 {D20: Queen's Gambit Accepted: 3 e3 and 3 e4} 7. Be3 e5 8. Bxc4 a6 9. O-O Bd6 10. Nc3 Nf6 11. Be2 h6 $146 ({Predecessor:} 11... O-O 12. Nd2 Bxe2 13. Qxe2 h6 14. g3 Qd7 15. f3 Nh7 16. Rac1 {½-½ (26) Rodshtein,M (2634)-Nikolic,P (2638) Valjevo 2012}) 12. Nd2 Bd7 13. Nc4 O-O 14. Qd2 b5 15. Nxd6 cxd6 16. b4 Qe7 (16... Ng4 $11 {remains equal.}) 17. Rfc1 ({White should try} 17. a4 $16) 17... Rfc8 (17... Ng4 $1 $11 {keeps the balance.}) 18. f3 Nh5 19. g3 Qe8 $14 20. a3 Kh7 21. Na2 Ne7 22. g4 Nf6 23. Kh1 Ng6 24. Nc3 Kh8 25. Nd1 Nh7 26. Nf2 Qd8 27. Nd3 Ng5 28. Qe1 Nh7 29. Qg3 Rxc1+ 30. Rxc1 Rc8 31. Rxc8 Qxc8 32. Qe1 Qd8 33. Bf2 Qf6 1/2-1/2

[Event "Copenhagen Chess Challenge 2019"]
[Site "Ballerup"]
[Date "2019.05.18"]
[Round "7.1"]
[White "Haub, Thorsten Michael"]
[Black "Burmakin, Vladimir"]
[Result "1/2-1/2"]
[WhiteElo "2398"]
[BlackElo "2519"]
[Annotator "TA"]
[PlyCount "60"]
[EventDate "2019.05.16"]
[EventCountry "DEN"]
[SourceTitle "playchess.com"]
[Source "ChessBase"]
[SourceQuality "1"]

{[%evp 20,60,-4,-20,0,0,0,9,10,0,0,0,5,5,30,5,16,8,13,18,20,20,17,17,22,17,19,16,14,13,41,0,35,6,34,37,39,33,31,0,0,0,0]} 1. Nf3 d5 2. g3 Bf5 3. Bg2 e6 4. O-O Nf6 5. c4 c6 6. b3 Be7 7. d3 h6 8. Bb2 O-O 9. Nbd2 a5 10. a3 Bh7 11. Qc2 Na6 {A12: English Opening: 1...c6 with b3 by White} 12. Bc3 Qb6 (12... c5 13. Rad1 d4 14. Bb2 Nd7 15. e3 e5 16. Rfe1 Re8 17. exd4 exd4 18. h3 Qc7 19. Bc1 {0-1 (51) Maghsoodloo,P (2688)-Aronian,L (2765) St Petersburg 2018}) 13. Qb2 Rfd8 14. Rac1 $146 ({Predecessor:} 14. Rab1 c5 15. cxd5 exd5 16. Be5 Qe6 17. e4 dxe4 18. dxe4 {0-1 (41) Niess,G-Tompa,J Bad Pyrmont 1969}) 14... Ne8 15. Rfe1 Nb8 16. b4 Nd7 17. Rb1 axb4 18. axb4 Bf6 19. Ra1 Qc7 20. Bxf6 Nexf6 21. Qc3 Rdc8 22. Bh3 Qd8 23. Rxa8 Rxa8 24. Ra1 dxc4 25. dxc4 Nb6 26. Bg2 (26. Rxa8 {looks sharper.} Qxa8 27. Qd4 Nbd7 28. e4 Qc8 29. e5) 26... Ne4 27. Rxa8 Nxa8 28. Nxe4 Bxe4 29. Nd2 Bxg2 30. Kxg2 Nc7 {Accuracy: White = 53%, Black = 51%.} 1/2-1/2

[Event "Copenhagen Chess Challenge 2019"]
[Site "Ballerup"]
[Date "2019.05.18"]
[Round "7.3"]
[White "Kaasen, Tor Fredrik"]
[Black "Haldorsen, Benjamin"]
[Result "0-1"]
[WhiteElo "2398"]
[BlackElo "2437"]
[Annotator "TA"]
[PlyCount "82"]
[EventDate "2019.05.16"]
[EventCountry "DEN"]
[SourceTitle "playchess.com"]
[Source "ChessBase"]
[SourceQuality "1"]

{[%evp 13,82,25,59,22,12,14,14,16,71,70,61,16,27,0,0,0,0,0,0,-65,-16,-30,-22,-17,0,0,25,-31,-14,-31,-12,-49,-45,-49,-49,-78,-73,-110,-101,-131,-41,-39,0,0,-6,-7,0,0,0,-206,-238,-225,-215,-297,-297,-490,-477,-579,-530,-5618,-29963,-6379,-5754,-29953,-11864,-29975,-29976,-29985,-29986,-29987,-29988]} 1. e4 c5 2. Nf3 e6 3. d4 cxd4 4. Nxd4 Nc6 5. Nc3 Qc7 6. g3 a6 7. Bg2 h5 8. O-O {B47: Sicilian: Taimanov: 5 Nc3 Qc7 6 f4, 6 g3 and 6 Be2} (8. Bg5 h4 9. gxh4 Nge7 10. Nxc6 bxc6 11. Qd3 Ng6 12. O-O-O f6 13. Bd2 Kf7 14. Rhg1 Rxh4 15. Bf1 Qxh2 {0-1 (34) Kraemer,M (2575)-Jakovenko,D (2710) Germany 2018}) 8... h4 9. Re1 hxg3 10. hxg3 {The position is equal.} Bc5 (10... Ne5 $11) 11. Be3 {Black must now prevent Nxe6!} Ne5 12. Qe2 (12. Nf5 $5) 12... Nf6 13. Nb3 Bxe3 14. Qxe3 d6 $146 ({Predecessor:} 14... Nc4 15. Qg5 Qe5 16. Qxe5 Nxe5 {1-0 (33) Zhu,J (2177)-Yuan,Y (2171) Yangzhou 2016}) 15. Qd4 Bd7 16. a4 (16. Rad1 $11) 16... Ke7 17. Nd2 g5 18. Nf3 Nxf3+ 19. Bxf3 e5 20. Qb4 (20. Qd2 $11) 20... g4 $36 {[%mdl 2048] Black is more active.} 21. Bg2 Rhc8 22. Red1 Qc5 23. Qxc5 (23. Qxb7 Rcb8 $17) 23... Rxc5 24. Rd2 Rac8 25. Rad1 R8c6 26. Na2 Rxc2 (26... a5 $17 27. c3 Be6) 27. Nb4 $15 {[%mdl 64] Double Attack} Rxd2 (27... R2c4 {with more complications.} 28. Nxc6+ Bxc6 29. a5 Nxe4 30. Bxe4 Rxe4 31. Rxd6 Ra4) 28. Nxc6+ Bxc6 29. Rxd2 Nxe4 {[%mdl 4096] Endgame KRB-KBN} 30. Rc2 {Hoping for Rxc6!} f5 31. f3 $2 {[#]} (31. Bxe4 $11 {and White has nothing to worry.} Bxe4 32. Rc7+ Ke6 33. Kf1) 31... gxf3 $1 $19 (31... Bxa4 32. Rc7+ Kd8 33. Rxb7 $15) ({Much less strong is} 31... Nxg3 32. fxg4 d5 33. gxf5 $17) 32. Bxf3 {[#]} d5 $1 ({Don't take} 32... Bxa4 33. Rc7+ Ke6 34. Bxe4 $15) 33. g4 f4 ({Weaker is} 33... Bxa4 34. Rc7+ Kd6 35. Rxb7 $15) 34. Bxe4 $2 (34. Rh2) 34... dxe4 {KR-KB} 35. g5 e3 36. b4 Bxa4 37. Rc7+ Kf8 38. g6 Bc6 39. b5 axb5 {[%cal Ba6b5,Bb5b4][%mdl 32] Black mates.} 40. Rf7+ Kg8 41. Rf5 b4 {Accuracy: White = 20%, Black = 54%.} 0-1

[Event "Copenhagen Chess Challenge 2019"]
[Site "Ballerup"]
[Date "2019.05.18"]
[Round "7.5"]
[White "Antonsen, Mikkel"]
[Black "Vasli, Aref"]
[Result "0-1"]
[WhiteElo "2423"]
[BlackElo "2346"]
[Annotator "TA"]
[PlyCount "55"]
[EventDate "2019.05.16"]
[EventCountry "DEN"]
[SourceTitle "playchess.com"]
[Source "ChessBase"]
[SourceQuality "1"]

{[%evp 26,55,9,0,0,0,9,-18,-9,-21,-19,-27,-17,-16,-18,-34,-23,-23,-17,-143,-138,-195,-184,-216,-223,-235,-227,-252,-257,-326,-343,-409]} 1. d4 Nf6 2. c4 e6 3. Nc3 Bb4 4. Nf3 O-O 5. Qc2 c5 6. dxc5 Na6 {[%cal Bb8a6,Ba6c5,Bc5e4][%mdl 32]} 7. g3 Nxc5 8. Bg2 Nce4 9. O-O Nxc3 10. bxc3 Be7 11. e4 d6 12. e5 dxe5 13. Nxe5 Qc7 14. Qe2 Bd6 {E39: Nimzo-Indian: Classical: 4...c5 5 dxc5 0-0} (14... Nd7 15. Bf4 Nxe5 16. Bxe5 Bd6 17. Rfe1 Rb8 18. Rad1 Bxe5 19. Qxe5 Qxe5 20. Rxe5 b6 21. c5 Ba6 22. c6 {½-½ (43) Nakamura,H (2781)-Caruana,F (2799) London 2017}) 15. Re1 Rb8 16. Rb1 Nd7 {[%cal Rd6e5] The position is equal.} 17. Bf4 Nxe5 18. Bxe5 b6 19. Rbd1 Bxe5 $1 20. Qxe5 Qxe5 21. Rxe5 Ba6 $36 {[%mdl 2048] Black has the initiative.} 22. Rd7 $146 (22. Bf1 $11) ({Predecessor:} 22. c5 Rfd8 23. Rde1 Rbc8 {½-½ (23) Nihal,S (2340)-Prince,B (2305) Stockholm 2017}) 22... Rfd8 $17 ({Much less strong is} 22... Bxc4 23. Rxa7 g6 24. h4 $15) 23. Rxd8+ Rxd8 24. Bf1 Rd1 25. Re4 {intending Rd4.} Kf8 26. Rd4 Ra1 27. Kg2 Bb7+ 28. f3 {Accuracy: White = 20%, Black = 87%.} 0-1

[Event "Copenhagen Chess Challenge 2019"]
[Site "Ballerup"]
[Date "2019.05.18"]
[Round "7.11"]
[White "Kallenbach, Uffe"]
[Black "Koch-Muller, Oscar"]
[Result "0-1"]
[WhiteElo "1644"]
[BlackElo "1919"]
[Annotator "NA"]
[PlyCount "75"]
[EventDate "2019.05.16"]
[EventCountry "DEN"]
[SourceTitle "playchess.com"]
[Source "ChessBase"]
[SourceQuality "1"]

1. d4 Nf6 2. Nf3 e6 3. c4 b6 4. Bg5 h6 5. Bh4 Bb4+ 6. Nc3 g5 7. Bg3 Ne4 8. Qc2 Bxc3+ 9. bxc3 Nxg3 10. hxg3 Nc6 11. d5 Na5 12. e4 Ba6 13. Qa4 Qf6 14. Nd4 Qe5 15. Bd3 exd5 16. O-O dxc4 17. f4 gxf4 18. gxf4 Qg7 19. Bc2 Rg8 20. Rf2 Bb7 21. Qa3 c5 22. Nf5 Qg6 23. e5 Qc6 24. Nd6+ Kf8 25. Be4 Qc7 26. Bxb7 Nxb7 27. Nxc4 Nd8 28. Rd1 Ne6 29. Rd6 Qb7 30. Qc1 Qe4 31. Nd2 Qe3 32. Qf1 Nxf4 33. Kh2 Qg3+ 34. Kh1 Qh4+ 35. Kg1 Qg3 36. Kh1 Qh3+ 37. Kg1 Qe3 38. Kh1 0-1

[Event "Copenhagen Chess Challenge 2019"]
[Site "Ballerup"]
[Date "2019.05.19"]
[Round "8.1"]
[White "Haub, Thorsten Michael"]
[Black "Chatalbashev, Boris"]
[Result "1/2-1/2"]
[WhiteElo "2398"]
[BlackElo "2514"]
[Annotator "TA"]
[PlyCount "62"]
[EventDate "2019.05.16"]
[EventCountry "DEN"]
[SourceTitle "playchess.com"]
[Source "ChessBase"]
[SourceQuality "1"]

{[%evp 13,62,11,14,-9,-9,-3,-12,-31,-31,-33,-31,-22,-23,-56,-68,-101,-90,-106,-102,-106,-103,-113,-24,-115,-102,-142,-31,-97,-97,-90,-60,-43,-32,-36,-33,-31,0,-12,0,-14,-10,-21,42,29,35,12,17,7,18,15,31]} 1. e4 c5 2. Nf3 Nc6 3. Bb5 g6 4. O-O Bg7 5. Re1 Nf6 6. c3 O-O 7. d3 d6 8. Bxc6 {B31: Sicilian: 2...Nc6 3 Bb5 g6} (8. Nbd2 Bd7 9. a3 Ne5 10. Bxd7 Nfxd7 11. Qe2 Nc6 12. Nf1 Qb6 13. Be3 Qa6 14. Rad1 Rfd8 15. Ng3 e6 {½-½ (23) Bartel,M (2608)-Baklan,V (2600) Biel 2017}) 8... bxc6 9. e5 $1 {[%cal Re5f6]} Nd5 10. Qa4 Bf5 $146 ({Predecessor:} 10... Qb6 11. Nbd2 Qb5 12. Qxb5 cxb5 13. exd6 exd6 14. Ne4 Rd8 15. Nxd6 Nxc3 16. bxc3 Bxc3 {1-0 (37) Chtcherbine,A (2171)-Daneri,M (2149) Buenos Aires 2009}) 11. Qxc6 dxe5 12. Nxe5 Rc8 $36 {[%mdl 2048] Black is pushing.} 13. Qa4 Qc7 14. Ng4 Bxd3 15. Bh6 Rfd8 16. Bxg7 Kxg7 17. Na3 Nb6 (17... c4 $17 {...Qb7 is the strong threat.} 18. g3 Qb6) 18. Qb3 (18. Qa5 $1 $11 {remains equal.}) 18... c4 $17 19. Qd1 {[#]} Rd5 ({Better is} 19... f5 $1 $17 {[%cal Rf5g4]} 20. Ne3 e5) 20. Qf3 ({White should try} 20. Qd2 $15) 20... f5 21. Ne3 Re5 22. Nec2 Rxe1+ 23. Nxe1 Be4 24. Qe2 Nd5 25. f3 Nf4 26. Qe3 Ba8 27. Rd1 Qb6 (27... e5 $1 $11) 28. Qxb6 axb6 29. Kf2 Ne6 {The position is equal.} 30. Rd2 Kf6 31. Nec2 Rc5 {Accuracy: White = 40%, Black = 57%.} 1/2-1/2

[Event "Copenhagen Chess Challenge 2019"]
[Site "Ballerup"]
[Date "2019.05.19"]
[Round "8.1"]
[White "Tenold, Andreas"]
[Black "Lilja, Richard"]
[Result "1/2-1/2"]
[WhiteElo "1969"]
[BlackElo "2103"]
[Annotator "NA RC"]
[PlyCount "89"]
[EventDate "2019.05.16"]
[EventCountry "DEN"]
[SourceTitle "playchess.com"]
[Source "ChessBase"]
[SourceQuality "1"]

1. d4 Nf6 2. c4 g6 3. Nc3 Bg7 4. e4 d6 5. f3 O-O 6. Be3 c5 7. Nge2 cxd4 8. Nxd4 Nc6 9. Qd2 Bd7 10. Be2 Qa5 {B38: Sicilian: Maroczy Bind with 5...Bg7 and 7...0-0} (10... Nxd4 11. Bxd4 a5 12. b3 Bc6 13. O-O Nd7 14. Be3 Nc5 15. Rab1 e6 16. a3 Be5 17. b4 axb4 18. axb4 Ra3 19. bxc5 Rxc3 20. f4 Bg7 21. e5 dxe5 22. Qxc3 exf4 23. Qd2 Qg5 {0-1 (43) Bu,X (2730)-Savchenko,B (2566) Riadh 2017}) 11. Nb3 Qd8 12. O-O Rc8 13. Rac1 b6 14. Nd4 Re8 15. Ncb5 $146 ({Predecessor:} 15. Rfd1 Nxd4 16. Bxd4 Bc6 17. Be3 Qc7 18. Nd5 Qb8 19. Bg5 Bxd5 20. cxd5 Rxc1 21. Rxc1 Rc8 {½-½ (19) Murray,J (1845)-Ranki,M (1940) Rhodes 2019}) 15... Nxd4 16. Nxd4 Qc7 17. Rfd1 Qb7 18. b3 Red8 19. Rc2 Be8 20. Rdc1 Bh8 21. Kh1 Bg7 22. Kg1 Kh8 23. Kh1 Bd7 24. Kg1 Ng8 25. Nb5 Bxb5 26. cxb5 Rxc2 27. Qxc2 Bh6 28. Qc3+ Bg7 29. Qc6 Rb8 30. Bc4 e6 31. Qxd6 Nf6 32. Rd1 Rc8 33. e5 Bf8 34. Qd3 Ng8 35. Bg5 Bc5+ 36. Kf1 h6 37. Bh4 Be7 38. Bxe7 Qxe7 39. Qd7 Rc7 40. Qxe7 Nxe7 41. Ke2 Kg7 42. Rd8 h5 43. Kd3 g5 44. a4 Ng6 45. Kd4 $11 ({White must play} 45. Ke4 $16) 1/2-1/2

[Event "Copenhagen Chess Challenge 2019"]
[Site "Ballerup"]
[Date "2019.05.19"]
[Round "8.2"]
[White "Burmakin, Vladimir"]
[Black "Haldorsen, Benjamin"]
[Result "1/2-1/2"]
[WhiteElo "2519"]
[BlackElo "2437"]
[Annotator "TA"]
[PlyCount "81"]
[EventDate "2019.05.16"]
[EventCountry "DEN"]
[SourceTitle "playchess.com"]
[Source "ChessBase"]
[SourceQuality "1"]

{[%evp 16,81,-10,-10,20,-11,-9,-10,-10,-9,-9,-9,14,17,8,0,0,0,2,2,4,4,7,4,5,-95,-88,-123,0,-10,0,0,0,0,6,0,0,0,0,0,0,0,0,0,3,7,12,12,13,13,12,0,17,17,16,7,7,7,7,7,28,27,28,27,28,27,27,27]} 1. Nf3 c5 2. e3 Nf6 3. b3 g6 4. Bb2 Bg7 5. c4 Nc6 6. Be2 O-O 7. O-O d5 8. cxd5 Qxd5 9. Nc3 Qd7 {A30: Symmetrical English: Double Fianchetto and Hedgehog} (9... Qf5 10. Rc1 Rd8 11. Na4 b6 12. d4 Bb7 13. Bd3 Qh5 14. Be2 Qf5 15. Bd3 Qd7 16. Bb5 Ne4 17. Qe2 {0-1 (30) So,W (2815)-Carlsen,M (2832) chess.com INT 2017}) 10. Na4 b6 11. d4 cxd4 {The position is equal.} 12. Nxd4 Nxd4 13. Qxd4 Bb7 $146 ({Predecessor:} 13... Qxd4 14. Bxd4 Bb7 15. Rac1 Rac8 16. Nc3 Ne4 17. Bxg7 Kxg7 18. Nxe4 Bxe4 {½-½ (35) Gurpreet,S (2247)-Senthil,M (2124) Abu Dhabi 2017}) 14. Qxd7 Nxd7 15. Bxg7 Kxg7 16. Rfd1 Nf6 17. f3 Rfd8 18. e4 Rxd1+ 19. Rxd1 Rc8 20. Rd2 (20. Bc4 $11) 20... Rc1+ $17 21. Bd1 {[#]} g5 ({Black should try} 21... Bxe4 $1 $17 {[%mdl 512] White must now prevent ...Bb1.} 22. Nb2 (22. fxe4 Nxe4 23. Rd7 b5 $17) 22... Bb1) 22. Kf1 g4 23. Ke1 gxf3 24. gxf3 e6 25. Rg2+ Kf8 26. Kd2 Rc7 27. Nc3 h6 28. Be2 Rc5 29. b4 Rc7 30. Rg1 Rd7+ 31. Ke3 Ne8 32. Rd1 Rxd1 33. Nxd1 $11 {[%mdl 4096] Endgame KBN-KBN} Kg7 34. Nc3 Nc7 35. e5 Nd5+ 36. Nxd5 Bxd5 37. a3 f5 38. f4 {White has an edge.} Kf7 39. Kd4 Ke7 40. Bd3 Bc6 41. Bc4 {Accuracy: White = 63%, Black = 56%.} 1/2-1/2

[Event "Copenhagen Chess Challenge 2019"]
[Site "Ballerup"]
[Date "2019.05.19"]
[Round "8.2"]
[White "Souhardo Basak"]
[Black "Lye, Sverre"]
[Result "1-0"]
[WhiteElo "2082"]
[BlackElo "1749"]
[Annotator "NA RC"]
[PlyCount "81"]
[EventDate "2019.05.16"]
[EventCountry "DEN"]
[SourceTitle "playchess.com"]
[Source "ChessBase"]
[SourceQuality "1"]

1. e4 c5 2. Nf3 Nc6 3. d4 cxd4 4. Nxd4 e5 5. Nb5 d6 6. N1c3 a6 7. Na3 b5 8. Nd5 Nge7 9. c4 Nd4 10. cxb5 Nxd5 11. exd5 Be7 12. Bd3 O-O 13. O-O Bb7 14. Be3 Nxb5 {B33: Sicilian: Pelikan and Sveshnikov Variations} 15. Nxb5 axb5 16. Bxb5 f5 17. Bc6 $146 ({Predecessor:} 17. f3 g5 18. a4 f4 19. Bf2 Qa5 20. Re1 {1-0 (60) Leviczki,T (2382)-Fekete,A (2257) Puspokladany 2011}) 17... Bxc6 18. dxc6 f4 19. Qd5+ Kh8 20. Bd2 Ra4 21. b4 f3 22. gxf3 Qc8 23. Kh1 Qh3 24. f4 Rxa2 25. f3 Rxa1 ({Reject} 25... Rfa8 $6 26. Rac1 $18) 26. Rxa1 Bh4 27. Rg1 exf4 28. Rg2 Qc8 29. Bc3 Bf6 30. Bxf6 Rxf6 31. Qg5 Qc7 32. Qxg7+ Qxg7 33. Rxg7 Kxg7 34. c7 Rf8 35. b5 d5 36. b6 Rc8 37. b7 Rxc7 38. b8=Q Rd7 39. Qxf4 Rf7 40. Qg5+ Kf8 41. Qxd5 1-0

[Event "Copenhagen Chess Challenge 2019"]
[Site "Ballerup"]
[Date "2019.05.19"]
[Round "8.3"]
[White "Brynell, Stellan"]
[Black "Okhotnik, Vladimir"]
[Result "1/2-1/2"]
[WhiteElo "2406"]
[BlackElo "2347"]
[Annotator "TA"]
[PlyCount "61"]
[EventDate "2019.05.16"]
[EventCountry "DEN"]
[SourceTitle "playchess.com"]
[Source "ChessBase"]
[SourceQuality "1"]

{[%evp 24,61,0,0,0,-8,0,-2,5,6,15,12,21,15,15,12,12,11,10,5,10,10,10,8,9,3,10,5,14,0,0,0,0,0,0,0,0,0,0,0]} 1. d4 Nf6 2. c4 g6 3. Nc3 d5 4. Nf3 Bg7 5. cxd5 Nxd5 6. e3 O-O 7. Bc4 Nb6 8. Bb3 c5 9. O-O cxd4 10. exd4 Bg4 11. d5 N8d7 12. h3 Bxf3 13. Qxf3 {The position is equal.} Nc5 {D94: Grünfeld: 4 Nf3 Bg7 5 e3} 14. Be3 (14. Rd1 Nxb3 15. axb3 Nc8 16. Be3 a6 17. b4 Nd6 18. Na4 Nc4 19. Bd4 Bxd4 20. Rxd4 b5 21. Nc5 {1-0 (68) Li,C (2750)-Ipatov,A (2619) Doha 2015}) 14... Nxb3 15. axb3 Bxc3 16. Bxb6 Qxb6 17. bxc3 e6 $146 ({Predecessor:} 17... a5) 18. dxe6 Qxe6 19. c4 Qb6 20. Rad1 Rad8 21. Rfe1 Rxd1 22. Rxd1 $11 {[%mdl 4096] Endgame KQR-KQR} Qc7 23. Rd5 Re8 {[%cal Re8e1] [#]} 24. g3 Qc6 25. Kg2 a6 26. h4 h5 27. Rd4 Re6 28. Qxc6 Rxc6 29. Kf3 Rb6 30. Rd3 Kf8 31. Ke4 {Accuracy: White = 53%, Black = 61%.} 1/2-1/2

[Event "Copenhagen Chess Challenge 2019"]
[Site "Ballerup"]
[Date "2019.05.19"]
[Round "8.3"]
[White "Nesse, David"]
[Black "Moe, Mogens"]
[Result "0-1"]
[WhiteElo "1764"]
[BlackElo "2136"]
[Annotator "NA RC"]
[PlyCount "72"]
[EventDate "2019.05.16"]
[EventCountry "DEN"]
[SourceTitle "playchess.com"]
[Source "ChessBase"]
[SourceQuality "1"]

1. e4 c5 2. Nf3 Nc6 3. d4 cxd4 4. Nxd4 g6 5. c4 Bg7 6. Be3 Qb6 7. Ne6 {B38: Sicilian: Maroczy Bind with 5...Bg7 and 7...0-0} (7. Nb3 Qd8 8. Qd2 d6 9. Nc3 Nf6 10. f3 O-O 11. Be2 a5 12. a4 Be6 13. Rc1 Nd7 14. Nd5 b6 {0-1 (50) Corrales Jimenez,F (2559)-Mamedov,R (2703) chess.com INT 2019}) 7... Qxb2 8. Nxg7+ Qxg7 9. Nd2 d6 10. Be2 Nf6 11. O-O O-O 12. f3 $146 ({Predecessor:} 12. Rb1 b6 13. f4 Ba6 14. Qe1 Nd7 {½-½ (24) Qobo,L (1813)-Mwale,J (2094) Cape Town 2015}) 12... b6 13. Nb3 Ba6 14. a4 Ne5 15. Rc1 Rfc8 16. Qd4 Nfd7 17. Qd5 Nc6 18. f4 Qb2 19. Nd2 Nf6 20. Qg5 Nxe4 21. Nxe4 Qxe2 22. f5 f6 23. Qg3 Ne5 24. fxg6 Qg4 25. gxh7+ Kxh7 26. Rxf6 $17 Qxg3 27. Rh6+ Kg7 28. hxg3 Ng4 29. Re6 Nxe3 30. Rxe7+ Kf8 31. Rd7 Rd8 32. Rxd6 Rxd6 33. Nxd6 Rd8 34. Nb5 Rd2 35. Nxa7 Rxg2+ 36. Kh1 Bb7 0-1

[Event "Copenhagen Chess Challenge 2019"]
[Site "Ballerup"]
[Date "2019.05.19"]
[Round "8.4"]
[White "Jaksland, Tim"]
[Black "Ertan, Can"]
[Result "0-1"]
[WhiteElo "2213"]
[BlackElo "2391"]
[Annotator "TA"]
[PlyCount "60"]
[EventDate "2019.05.16"]
[EventCountry "DEN"]
[SourceTitle "playchess.com"]
[Source "ChessBase"]
[SourceQuality "1"]

{[%evp 12,60,9,0,16,0,0,0,0,-7,0,-80,-81,-81,-73,-100,-97,-102,-75,-266,-267,-241,-227,-237,-215,-239,-224,-291,-293,-583,-582,-747,-732,-803,-801,-815,-790,-885,-915,-908,-889,-29993,-29992,-29992,-29991,-29991,-29992,-29992,-29993,-29993,-29992]} 1. Nf3 Nf6 2. c4 e6 3. g3 d5 4. Bg2 Be7 5. O-O O-O 6. b3 d4 7. e3 c5 {A14: English Opening: 1...e6 with b3 by White} 8. exd4 (8. Ne5 Qc7 9. f4 Nfd7 10. Nf3 Nc6 11. Na3 a6 12. exd4 cxd4 13. d3 b5 14. Bb2 Qb6 15. Kh1 {½-½ (30) Ding,L (2809)-Giri,A (2797) Shenzhen 2019}) 8... cxd4 9. d3 Nc6 {The position is equal.} 10. Re1 Re8 11. Na3 (11. Bb2 $11) 11... Bb4 $17 12. Re2 e5 13. Nc2 {[#]} Bc3 $1 $36 {[%mdl 2048] Black has strong initiative.} 14. Rb1 e4 15. Ng5 $146 (15. Nh4 $17) ({Predecessor:} 15. Nfe1) 15... exd3 $19 16. Rxe8+ Qxe8 17. Qxd3 Ne5 18. Qd1 Bf5 19. Bd2 {[#]} Rd8 $1 20. f3 $2 (20. Nf3 Ne4 21. Bg5) 20... h6 21. Ne4 {[#]} Nxf3+ $1 {[%mdl 512]} 22. Bxf3 (22. Qxf3 Bxe4) 22... Nxe4 23. Bxe4 Bxe4 24. Rc1 Bc6 {Hoping for ...Qe4.} 25. Bxc3 Qe4 {[%csl Gc6][%cal Re4g2]} 26. Qd2 Qh1+ {Black mates.} 27. Kf2 Qxh2+ 28. Kf1 Qh1+ 29. Kf2 Qg2+ 30. Ke1 Re8+ {Accuracy: White = 20%, Black = 81%.} 0-1